| 000 | 00859 a2200229 4500 | ||
|---|---|---|---|
| 005 | 20151210102926.0 | ||
| 008 | 151210s2015 ck ||||fr|||| 000 0 spa d | ||
| 020 | _a[sin ISBN] | ||
| 040 |
_aCO-BoUCM _bspa _cSandra Palacio _dSandra Palacio |
||
| 041 | 0 | _aspa | |
| 110 | 1 |
_aACOFACIEN _974336 |
|
| 245 | 1 | 0 |
_aAsociación colombiana de facultades de ciencias 1995 - 2015 _bpresente proyectado al futuro |
| 260 |
_c2015 _bAcofacien |
||
| 300 | _a65 páginas | ||
| 610 | 1 |
_aAsociación Colombiana de Facultades de Ciencias (ACOFACIEN) _974337 |
|
| 650 | 7 |
_9177 _aEducación superior _xFacultades de ciencias |
|
| 650 | 7 |
_9177 _aEducación superior _xDisciplinas |
|
| 650 | 7 |
_925978 _aUniversidades _xFacultades de Ciencias |
|
| 690 |
_942799 _aEducación superior |
||
| 942 |
_2DEWEY _a10 _cLIBRO _e1 _h378.04 _mA185as |
||
| 999 |
_c302294 _d302294 |
||